Revista clínica española (Record no. 196893)

MARC details
000 -LEADER
campo de control de longitud fija 01512nas a2200445 i 4500
001 - NÚMERO DE CONTROL
campo de control 196893
003 - IDENTIFICADOR DE NÚMERO DE CONTROL
campo de control ES-MaACL
005 - FECHA Y HORA DE LA ÚLTIMA TRANSACCIÓN
campo de control 20250124063037.0
006 - CÓDIGOS DE INFORMACIÓN DE LONGITUD FIJA--CARACTERÍSTICAS DEL MATERIAL ADICIONAL
campo de control de longitud fija m g d |
007 - CAMPO FIJO DE DESCRIPCIÓN FÍSICA--INFORMACIÓN GENERAL
campo de control de longitud fija cr
008 - DATOS DE LONGITUD FIJA--INFORMACIÓN GENERAL
campo de control de longitud fija 250122c19409999sp m||p|s|||||||||b0mul
010 ## - NÚMERO DE CONTROL DE LA BIBLIOTECA DEL CONGRESO
Número de control de LC c
Número de control de NUCMC 2
022 0# - NÚMERO INTERNACIONAL NORMALIZADO PARA PUBLICACIONES SERIADAS
Fuente _j
Número Internacional Normalizado para Publicaciones Seriadas 1578-1860
ISSN-L 0014-2565
035 ## - NÚMERO DE CONTROL DEL SISTEMA
Número de control de sistema (ISSN)15781860
035 ## - NÚMERO DE CONTROL DEL SISTEMA
Número de control de sistema (OCoLC)733128847
035 ## - NÚMERO DE CONTROL DEL SISTEMA
Número de control de sistema (SpMaBN)a4707653
035 ## - NÚMERO DE CONTROL DEL SISTEMA
Número de control de sistema 991021109299708606
040 ## - FUENTE DE CATALOGACIÓN
Centro catalogador/agencia de origen SpMaBN
Lengua de catalogación spa
Centro/agencia transcriptor SpMaBN
Normas de descripción rdc
041 0# - CÓDIGO DE IDIOMA
Código de lengua del sumario o resumen eng
080 ## - NÚMERO DE LA CLASIFICACIÓN DECIMAL UNIVERSAL
Número de la Clasificación Decimal Universal 61
210 0# - TÍTULO ABREVIADO
Título abreviado Rev. clín. esp.
Información calificativa Internet
222 #0 - TÍTULO CLAVE
Título clave Revista clínica española
Información calificativa Internet
245 00 - MENCIÓN DEL TÍTULO
Título Revista clínica española
260 ## - PUBLICACIÓN, DISTRIBUCIÓN, ETC.
Lugar de publicación, distribución, etc. Barcelona
Nombre del editor, distribuidor, etc. Doyma
260 3# - PUBLICACIÓN, DISTRIBUCIÓN, ETC.
Materiales especificados 200?-
Lugar de publicación, distribución, etc. Barcelona :
Nombre del editor, distribuidor, etc. Elsevier España
336 ## - TIPO DE CONTENIDO
Término de tipo de contenido Texto (visual)
Fuente rdacontent
337 ## - TIPO DE MEDIO
Nombre/término del tipo de medio electrónico
Fuente rdamedia
338 ## - TIPO DE SOPORTE
Fuente rdacarrier
Nombre/término del tipo de soporte volumen
362 1# - FECHAS DE PUBLICACIÓN Y/O DESIGNACIÓN SECUENCIAL
Fecha de publicación y/o designación secuencial La edición impresa comenzó en 1940
500 ## - NOTA GENERAL
Nota general Última consulta, 22 enero 2025
580 ## - NOTA DE RELACIÓN COMPLEJA
Nota de relación compleja Disponible también únicamente en inglés con el mismo título
655 #0 - TERMINO DE INDIZACIÓN--GENERO/FORMA
Datos o término principal de género/forma Revistas electrónicas
Fuente del término tgfbne
9 (RLIN) 226718
655 #0 - TERMINO DE INDIZACIÓN--GENERO/FORMA
Datos o término principal de género/forma Páginas Web
Fuente del término tgfbne
9 (RLIN) 226719
710 0# - ENTRADA AGREGADA--NOMBRE DE ENTIDAD CORPORATIVA
Nombre de entidad corporativa o nombre de jurisdicción como elemento de entrada Sociedad Española de Medicina Interna
9 (RLIN) 6737
856 40 - LOCALIZACIÓN Y ACCESO ELECTRÓNICOS
Identificador Uniforme de Recursos <a href="https://www.revclinesp.es/">https://www.revclinesp.es/</a>
Texto de enlace Acceso electrónico
856 40 - LOCALIZACIÓN Y ACCESO ELECTRÓNICOS
Identificador Uniforme de Recursos <a href="https://dialnet.unirioja.es/servlet/revista?codigo=2800">https://dialnet.unirioja.es/servlet/revista?codigo=2800</a>
Nota pública Sumarios de la revista en Dialnet
942 ## - ELEMENTOS DE ENTRADA SECUNDARIOS (KOHA)
Fuente del sistema de clasificación o colocación Clasificación decimal universal
Tipo de ítem Koha Revista electrónica
Suprimir en OPAC No

No items available.